Návrh vodného stabilného hasiaceho zariadenia

Uložené v:
Podrobná bibliografia
Hlavný autor: Mihel, Richard (Autor)
Ďalší autori: Jánošková, Taťjana (Vedúci práce)
Médium: Rukopis Kniha
Jazyk:Slovak
Vydavateľské údaje: 2015
Predmet:
On-line prístup:http://is.stuba.sk/zp/portal_zp.pl?podrobnosti=109281
https://opac.crzp.sk/?fn=detailBiblioForm&sid=E75B5E22D326BA6A9EA69BCFFF20
Tagy: Pridať tag
Žiadne tagy, Buďte prvý, kto otaguje tento záznam!

MARC

LEADER 00000ntm a22000003a 4500
001 stuzp50924
003 SK-STU
005 20231025145517.6
007 ta
008 150427s2015----xo-----f-mn---000-0-slo-d
040 |a STU  |b slo 
041 0 |a slo 
100 1 |a Mihel, Richard  |u 010290  |4 aut  |U SvF Stavebná fakulta  |T SvF Katedra technických zariadení budov  |X 67521  |U V290  |Y 31  |7 A000067521 
242 0 1 |a Design water fire-fighting system  |y eng 
245 1 0 |a Návrh vodného stabilného hasiaceho zariadenia 
260 |c 2015 
650 4 |a stabilné hasiace zariadenie  |2 slo 
650 4 |a hmla  |2 slo 
650 4 |a sprinkler  |2 slo 
650 4 |a sprinkler  |2 eng 
650 4 |a fog  |2 eng 
650 4 |a automatic sprinkler system  |2 eng 
700 1 |a Jánošková, Taťjana  |4 ths  |X 2745  |7 A000002745 
856 4 |u http://is.stuba.sk/zp/portal_zp.pl?podrobnosti=109281 
856 4 |u https://opac.crzp.sk/?fn=detailBiblioForm&sid=E75B5E22D326BA6A9EA69BCFFF20 
SQL |a stuzp50924  |b DDP  |c SLO  |d Návrh vodného stabilného hasiaceho zariadenia  |e 67521  |f Mihel, Richard  |g 010290  |h 2745  |i Jánošková, Taťjana  |j 20150615  |k 24  |l 01  |m http://is.stuba.sk/zp/portal_zp.pl?podrobnosti=109281  |n I-TZB  |o 5.1.4. pozemné stavby